000 00851nam a2200205 a 4500
008 081121s2003 ||||||||||||||||| || u
020 _a9780340859421
050 _aHF 5635 Lym
100 _aLymer, Andrew
245 1 0 _aTeach yourself book keeping
_cAndrew, Lymer; Andrew, Piper
260 _aLondon:
_bHodder Arnold
_c2003
300 _ax, 358p.: ill.
350 _a0.00
490 _aTeach yourself
650 0 _aACCOUNTING--HANDBOOKS, MANUALS, ETC
650 _aBOOKKEEPING
700 _aPiper, Andrew
995 _aBINDERY (DAMAGED)
_D0.00
_e739291
_FCBU-MAIN LIBRARY (Kitwe)
_H1
_I75000.00
_jHF 5635 LYM
_M1
_UDAMAGED
_WJan 26, 2009
_y739291
_ZMain Library Open Access Collection
995 _aBINDERY (DAMAGED)
_D0.00
_e739292
_FCBU-MAIN LIBRARY (Kitwe)
_H1
_I75000.00
_jHF 5635 LYM
_M2
_UDAMAGED
_WJan 26, 2009
_y739292
_ZMain Library Open Access Collection
999 _c80921
_d80921